Bharatar prasashan aru rajniti. (Record no. 883)

MARC details
000 -LEADER
fixed length control field 00493cam a2200193ua 4500
001 - CONTROL NUMBER
control field 963
005 - DATE AND TIME OF LATEST TRANSACTION
control field 20260515113242.0
008 - FIXED-LENGTH DATA ELEMENTS--GENERAL INFORMATION
fixed length control field 110425n ii |||gr||||Z||||||eng
040 ## - CATALOGING SOURCE
Transcribing agency MAIN
082 ## - DEWEY DECIMAL CLASSIFICATION NUMBER
Classification number 320.954
245 1# - TITLE STATEMENT
Title Bharatar prasashan aru rajniti.
Statement of responsibility, etc. By Purandar Gogoi.
250 ## - EDITION STATEMENT
Edition statement 1st.
260 ## - PUBLICATION, DISTRIBUTION, ETC.
Place of publication, distribution, etc. Dibrugarh.:
Name of publisher, distributor, etc. Banalata.,999.
300 ## - PHYSICAL DESCRIPTION
Extent 356 p.:
Dimensions 23 cm.
653 ## - INDEX TERM--UNCONTROLLED
Uncontrolled term Political science.
653 ## - INDEX TERM--UNCONTROLLED
Uncontrolled term Bharatar prasashan aru rajniti.
700 1# - ADDED ENTRY--PERSONAL NAME
Personal name Gogoi, Purandar.,
942 ## - ADDED ENTRY ELEMENTS (KOHA)
Koha item type Books
Holdings
Withdrawn status Lost status Damaged status Not for loan Home library Current library Shelving location Date acquired Total checkouts Full call number Barcode Date last seen Copy number Price effective from Koha item type
        Naharkatiya College Library Naharkatiya College Library General stacks 09/19/2020   320.954 | GOG 858 09/19/2020 1 09/19/2020 Books